000
00263nam a2200097Ia 4500
001
683249
005
20250826161434.0
008
250824s9999 xx 000 0 und d
245
0
_a
KİMİ SEVSEN SENSİN
_c
ATTİLA İLHAN
260
_b
TÜRKİYE İŞ BANKASI YAYINLARI
999
_c
683249
_d
683249